[Event "RF-2020-0-00510"]
[Site "LSS email"]
[Date "2020.11.27"]
[Round "?"]
[White "Etchepareborda, Juan"]
[Black "Kuttner, Jaromir"]
[Result "0-1"]
[WhiteElo "1086"]
[BlackElo "972"]
[PlyCount "22"]
[EventDate "2020.09.05"]
[EventType "tourn (corr)"]
[EventRounds "6"]
[EventCountry "GER"]
[SourceTitle "Corr 2022"]
[Source "ChessBase"]
[SourceDate "2021.10.24"]
[SourceVersion "1"]
[SourceVersionDate "2021.10.24"]
[SourceQuality "1"]

1. c4 e5 2. Nc3 Nf6 3. g3 c6 4. Bg2 d5 5. cxd5 Nxd5 6. Nf3 f6 7. 0-0 Be6 8. Nxd5 Bxd5 9. Rb1 Bc5 10. b3 0-0 11. Bb2 Na6 0-1

[Event "RF-2020-0-00509"]
[Site "LSS email"]
[Date "2020.11.06"]
[Round "?"]
[White "Etchepareborda, Juan"]
[Black "Shim Ng Min, Francis"]
[Result "0-1"]
[WhiteElo "1086"]
[BlackElo "1130"]
[PlyCount "105"]
[EventDate "2020.08.09"]
[EventType "tourn (corr)"]
[EventRounds "6"]
[EventCountry "GER"]
[SourceTitle "Corr 2022"]
[Source "ChessBase"]
[SourceDate "2021.10.24"]
[SourceVersion "1"]
[SourceVersionDate "2021.10.24"]
[SourceQuality "1"]

1. c4 Nf6 2. g3 d5 3. cxd5 Nxd5 4. Bg2 e6 5. Nc3 Be7 6. Nxd5 exd5 7. Qa4+ c6 8. Nf3 0-0 9. 0-0 Nd7 10. d4 Bf6 11. e3 a6 12. Bd2 Re8 13. Ba5 Qe7 14. Bb4 Qe6 15. Bc3 b5 16. Qd1 Bb7 17. a4 h6 18. axb5 cxb5 19. h4 Nb6 20. Bb4 Rec8 21. Bc5 Nd7 22. b4 Nxc5 23. bxc5 a5 24. Qb3 Bc6 25. Rfe1 b4 26. Kh2 Rcb8 27. Nd2 a4 28. Qd1 b3 29. Ra3 Bd8 30. e4 dxe4 31. Nxe4 Ba5 32. Re3 Bb4 33. Ng5 Qd7 34. Bxc6 Qxc6 35. Nxf7 Bxa3 36. Nd6 Rf8 37. Qe1 Bb4 38. Qe2 Qa6 39. Nb5 Rab8 40. d5 Bxc5 41. Re6 Qxb5 42. Qe1 Rxf2+ 43. Kh3 Qf1+ 44. Qxf1 Rxf1 45. d6 Bxd6 46. Rxd6 a3 47. Kg2 Rc1 48. Kf3 a2 49. Ra6 a1Q 50. Rxa1 Rxa1 51. g4 b2 52. g5 hxg5 53. hxg5 0-1

[Event "RF-2020-0-00508"]
[Site "LSS email"]
[Date "2020.09.26"]
[Round "?"]
[White "Chura, Michal"]
[Black "Etchepareborda, Juan"]
[Result "1-0"]
[WhiteElo "1131"]
[BlackElo "1152"]
[PlyCount "83"]
[EventDate "2020.07.10"]
[EventType "tourn (corr)"]
[EventRounds "6"]
[EventCountry "GER"]
[SourceTitle "Corr 2022"]
[Source "ChessBase"]
[SourceDate "2021.10.24"]
[SourceVersion "1"]
[SourceVersionDate "2021.10.24"]
[SourceQuality "1"]

1. f4 d5 2. Nf3 Nf6 3. e3 g6 4. b3 Bg7 5. Bb2 0-0 6. Be2 Bf5 7. 0-0 Nc6 8. Ne5 Nxe5 9. fxe5 Nd7 10. d4 c5 11. Nd2 cxd4 12. exd4 Rc8 13. c3 f6 14. exf6 Nxf6 15. c4 e6 16. Nf3 Qb6 17. Ne5 Ne4 18. Bf3 Bxe5 19. Bxe4 Bxe4 20. c5 Qd8 21. dxe5 Qg5 22. Rxf8+ Rxf8 23. Qe2 Rc8 24. Bd4 Rf8 25. Re1 h5 26. Rf1 Rxf1+ 27. Kxf1 Qc1+ 28. Kf2 Qg5 29. Kg1 Kg7 30. h3 Qf4 31. Qb5 Bf5 32. Qxb7+ Kh6 33. Qb4 Be4 34. Qe1 Kh7 35. Qf2 Qc1+ 36. Kh2 a5 37. Be3 Qc3 38. Qf7+ Kh8 39. Qf6+ Kh7 40. Bg5 Qc2 41. Qf7+ Kh8 42. Bf6# 1-0

[Event "LSS No Engine Cup 206 Preliminary 0"]
[Site "LSS email"]
[Date "2020.08.24"]
[Round "?"]
[White "Etchepareborda, Juan"]
[Black "Obrien, Glenn"]
[Result "0-1"]
[WhiteElo "1413"]
[BlackElo "1673"]
[PlyCount "124"]
[EventDate "2020.08.24"]
[EventType "tourn (corr)"]
[EventRounds "6"]
[EventCountry "GER"]
[SourceTitle "Corr 2022"]
[Source "ChessBase"]
[SourceDate "2021.10.24"]
[SourceVersion "1"]
[SourceVersionDate "2021.10.24"]
[SourceQuality "1"]

1. d4 Nf6 2. Bf4 d5 3. Nf3 e6 4. e3 c5 5. c3 Nc6 6. Bd3 Bd6 7. Ne5 0-0 8. Nd2 Qc7 9. Ndf3 cxd4 10. exd4 Ne4 11. 0-0 f6 12. Nxc6 Bxf4 13. Nb4 Ng5 14. Nxg5 Bxg5 15. Qe2 Bf4 16. Qh5 g6 17. Qf3 Bxh2+ 18. Kh1 Bd6 19. Rae1 Bxb4 20. cxb4 Qb6 21. Qf4 Qxb4 22. Bxg6 hxg6 23. Qh6 Kf7 24. Qh7+ Ke8 25. Qxg6+ Ke7 26. Rc1 Qxd4 27. Qg7+ Ke8 28. Rc7 Qb4 29. Qg6+ Kd8 30. Rfc1 Qxb2 31. Qg7 Qb4 32. R1c5 Qe1+ 33. Kh2 Qe5+ 34. g3 Qd6 35. Rc2 d4 36. Rf7 Rxf7 37. Qxf7 Qe7 38. Qg8+ Kd7 39. Rd2 e5 40. Qg4+ Kd6 41. Qe4 Be6 42. Qd3 Bd5 43. Qa3+ Kd7 44. Qxe7+ Kxe7 45. f4 Rh8+ 46. Kg1 Rh1+ 47. Kf2 Rh2+ 48. Ke1 Rxd2 49. Kxd2 Bxa2 50. fxe5 fxe5 51. g4 e4 52. g5 e3+ 53. Ke2 Bc4+ 54. Ke1 d3 55. g6 d2+ 56. Kd1 Kf6 57. g7 Ke7 58. Kc2 Kd6 59. Kd1 Ke5 60. Kc2 Kd4 61. Kd1 Bb3+ 62. Ke2 d1Q# 0-1

[Event "LSS No Engine Cup 206 Preliminary 0"]
[Site "LSS email"]
[Date "2020.08.24"]
[Round "?"]
[White "Etchepareborda, Juan"]
[Black "Verich, Oleg"]
[Result "1/2-1/2"]
[WhiteElo "1413"]
[BlackElo "1376"]
[PlyCount "93"]
[EventDate "2020.08.24"]
[EventType "tourn (corr)"]
[EventRounds "6"]
[EventCountry "GER"]
[SourceTitle "Corr 2022"]
[Source "ChessBase"]
[SourceDate "2021.10.24"]
[SourceVersion "1"]
[SourceVersionDate "2021.10.24"]
[SourceQuality "1"]

1. d4 Nf6 2. Bf4 d5 3. e3 Bf5 4. Nf3 e6 5. Nbd2 Bb4 6. c3 Bd6 7. Ne5 0-0 8. Be2 Nfd7 9. Ndf3 f6 10. Nxd7 Qxd7 11. 0-0 Bxf4 12. exf4 Nc6 13. Nh4 Bg6 14. Bg4 f5 15. Nxg6 hxg6 16. Be2 Nd8 17. h4 Qe7 18. h5 gxh5 19. Bxh5 Rf6 20. g3 Rh6 21. Kg2 g5 22. fxg5 Qxg5 23. Be8 Nf7 24. Bxf7+ Kxf7 25. Rh1 Rah8 26. Rxh6 Rxh6 27. Qe2 Qh5 28. Qxh5+ Rxh5 29. Rh1 Rxh1 30. Kxh1 Kg6 31. f4 Kh5 32. Kg2 Kg4 33. b3 a5 34. c4 b6 35. c5 b5 36. a3 c6 37. b4 a4 38. Kf2 Kh5 39. Kf3 Kh6 40. g4 fxg4+ 41. Kxg4 Kg6 42. Kg3 Kf5 43. Kf3 Kg6 44. Kg4 Kf6 45. Kg3 Kf5 46. Kf3 Kf6 47. Kg4 1/2-1/2

[Event "RF-2020-0-00504"]
[Site "LSS email"]
[Date "2020.07.04"]
[Round "?"]
[White "Chura, Michal"]
[Black "Etchepareborda, Juan"]
[Result "0-1"]
[WhiteElo "1099"]
[BlackElo "1126"]
[PlyCount "22"]
[EventDate "2020.01.26"]
[EventType "tourn (corr)"]
[EventRounds "6"]
[EventCountry "GER"]
[SourceTitle "Corr 2022"]
[Source "ChessBase"]
[SourceDate "2021.10.24"]
[SourceVersion "1"]
[SourceVersionDate "2021.10.24"]
[SourceQuality "1"]

1. f4 Nc6 2. Nf3 b6 3. e3 Bb7 4. b3 d6 5. Bb2 Nf6 6. Bb5 g6 7. 0-0 Bg7 8. Nd4 Qd7 9. Qf3 d5 10. f5 0-0 11. fxg6 Nxd4 0-1

[Event "RF-2020-0-00504"]
[Site "LSS email"]
[Date "2020.07.04"]
[Round "?"]
[White "Shim Ng Min, Francis"]
[Black "Etchepareborda, Juan"]
[Result "1-0"]
[WhiteElo "1077"]
[BlackElo "1126"]
[PlyCount "71"]
[EventDate "2020.01.26"]
[EventType "tourn (corr)"]
[EventRounds "6"]
[EventCountry "GER"]
[SourceTitle "Corr 2022"]
[Source "ChessBase"]
[SourceDate "2021.10.24"]
[SourceVersion "1"]
[SourceVersionDate "2021.10.24"]
[SourceQuality "1"]

1. e4 e6 2. d4 d5 3. Nc3 b6 4. Nf3 Ba6 5. Bxa6 Nxa6 6. Qe2 Nb8 7. exd5 Bb4 8. dxe6 Nf6 9. Qb5+ c6 10. Qxb4 c5 11. Qb5+ Ke7 12. exf7 Kxf7 13. 0-0 Re8 14. Qc4+ Kf8 15. dxc5 Nbd7 16. c6 Rc8 17. Bf4 Qe7 18. Rad1 Ne5 19. Bxe5 Qe6 20. Qb4+ Kg8 21. Rfe1 Qxc6 22. Bxf6 gxf6 23. Qg4+ Kh8 24. Rd7 Rxe1+ 25. Nxe1 Rg8 26. Qh3 Rg7 27. Rxg7 Kxg7 28. Qg3+ Kh8 29. Qb8+ Kg7 30. Qxa7+ Kg8 31. Qe7 b5 32. Ne4 Qxe4 33. Qxe4 Kg7 34. Qb4 h5 35. Qxb5 Kg6 36. a4 1-0

[Event "OP-2020-0-04984"]
[Site "LSS email"]
[Date "2020.06.12"]
[Round "?"]
[White "Obrien, Glenn"]
[Black "Etchepareborda, Juan"]
[Result "1-0"]
[WhiteElo "1339"]
[BlackElo "1112"]
[PlyCount "84"]
[EventDate "2020.06.09"]
[EventType "tourn (corr)"]
[EventRounds "4"]
[EventCountry "GER"]
[SourceTitle "Corr 2022"]
[Source "ChessBase"]
[SourceDate "2021.10.24"]
[SourceVersion "1"]
[SourceVersionDate "2021.10.24"]
[SourceQuality "1"]

1. e4 c5 2. Nf3 d6 3. d4 cxd4 4. Nxd4 g6 5. Nc3 Bg7 6. Be3 Nf6 7. f3 0-0 8. Qd2 Nc6 9. Bc4 Bd7 10. 0-0-0 a6 11. h4 b5 12. Bb3 Nh5 13. Nxc6 Bxc6 14. g4 Nf6 15. h5 b4 16. hxg6 bxc3 17. Bxf7+ Rxf7 18. gxf7+ Kxf7 19. Qxc3 Rc8 20. Qa3 Qh8 21. Qxa6 Nxg4 22. fxg4 Bxb2+ 23. Kb1 Bxe4 24. Rdf1+ Kg6 25. Rh6+ Kg7 26. Re6 Qd8 27. Bh6+ Kg8 28. Rxe4 Rb8 29. c3 Bxc3+ 30. Kc2 Bf6 31. g5 Bg7 32. Bxg7 Kxg7 33. Re6 Qc7+ 34. Kd3 Qd7 35. Qc4 d5 36. Qc6 Qxc6 37. Rxc6 Rb2 38. Rf5 Rxa2 39. Rc7 Kg6 40. Rxd5 Ra3+ 41. Ke2 Ra2+ 42. Rd2 Rxd2+ 1-0

[Event "SE-2020-0-00312"]
[Site "LSS email"]
[Date "2020.04.08"]
[Round "?"]
[White "Obrien, Glenn"]
[Black "Etchepareborda, Juan"]
[Result "1-0"]
[WhiteElo "1299"]
[BlackElo "1156"]
[PlyCount "45"]
[EventDate "2020.01.19"]
[EventType "tourn (corr)"]
[EventRounds "6"]
[EventCountry "GER"]
[SourceTitle "Corr 2022"]
[Source "ChessBase"]
[SourceDate "2021.10.24"]
[SourceVersion "1"]
[SourceVersionDate "2021.10.24"]
[SourceQuality "1"]

1. e4 c5 2. Nf3 d6 3. d4 cxd4 4. Nxd4 g6 5. Nc3 Bg7 6. Be3 Bd7 7. Qd2 Nf6 8. f3 0-0 9. Bc4 Nc6 10. 0-0-0 a6 11. h4 b5 12. Bb3 Nh5 13. Nxc6 Bxc6 14. g4 Nf6 15. h5 b4 16. Ne2 a5 17. hxg6 a4 18. gxf7+ Kh8 19. Nf4 h6 20. Ne6 Qc8 21. Bxh6 Rxf7 22. Bxg7+ Kg8 23. Rh8# 1-0

[Event "SE-2020-0-00312"]
[Site "LSS email"]
[Date "2020.04.03"]
[Round "?"]
[White "Etchepareborda, Juan"]
[Black "Wilshusen, Horst"]
[Result "1-0"]
[WhiteElo "1156"]
[BlackElo "1208"]
[PlyCount "69"]
[EventDate "2020.01.19"]
[EventType "tourn (corr)"]
[EventRounds "6"]
[EventCountry "GER"]
[SourceTitle "Corr 2022"]
[Source "ChessBase"]
[SourceDate "2021.10.24"]
[SourceVersion "1"]
[SourceVersionDate "2021.10.24"]
[SourceQuality "1"]

1. d4 Nf6 2. Bf4 d6 3. e3 g6 4. Nf3 Bg7 5. c4 Bg4 6. Be2 Nbd7 7. 0-0 Nh5 8. Bg5 h6 9. Bh4 g5 10. Bg3 c6 11. Nc3 Nxg3 12. fxg3 Qc7 13. Nd2 Bxe2 14. Qxe2 Nf6 15. e4 e5 16. d5 h5 17. Rf5 g4 18. Qf2 Ng8 19. Rf1 f6 20. dxc6 bxc6 21. h3 0-0-0 22. Qe2 Qb6+ 23. R5f2 Qxb2 24. Qd3 Qb6 25. Rb1 Qc7 26. c5 Kd7 27. cxd6 Qc8 28. Na4 Ke8 29. Nc5 Kf7 30. Rb7+ Kg6 31. d7 Qa8 32. Qd6 Nh6 33. Nc4 Nf7 34. Qe6 Bf8 35. Qxf6+ 1-0

[Event "LSS No Engine Cup 197 Preliminary 0"]
[Site "LSS email"]
[Date "2020.01.19"]
[Round "?"]
[White "Etchepareborda, Juan"]
[Black "Bieszk, Stanislaw"]
[Result "0-1"]
[WhiteElo "1504"]
[BlackElo "1403"]
[PlyCount "87"]
[EventDate "2020.01.19"]
[EventType "tourn (corr)"]
[EventRounds "6"]
[EventCountry "GER"]
[SourceTitle "Corr 2022"]
[Source "ChessBase"]
[SourceDate "2021.10.24"]
[SourceVersion "1"]
[SourceVersionDate "2021.10.24"]
[SourceQuality "1"]

1. d4 Nf6 2. Bf4 g6 3. e3 Bg7 4. Bd3 c5 5. Nc3 cxd4 6. Nb5 Qa5+ 7. Qd2 Qxd2+ 8. Kxd2 dxe3+ 9. Bxe3 Kd8 10. Bf4 d6 11. Re1 a6 12. Nc3 Be6 13. Bg5 Nc6 14. Nf3 h6 15. Be3 Nb4 16. Bb6+ Kd7 17. Bxg6 fxg6 18. a3 Nbd5 19. Nd4 Bf7 20. Nxd5 Nxd5 21. Re2 Nxb6 22. c3 Bxd4 23. cxd4 Rac8 24. Rhe1 Rhe8 25. f4 Bb3 26. Ke3 e5 27. dxe5 dxe5 28. Rd2+ Nd5+ 29. Kf2 exf4 30. Rxe8 Rxe8 31. Rd3 Re3 32. Rd4 Ke6 33. g3 g5 34. gxf4 gxf4 35. Rxf4 Nxf4 36. Kxe3 Nd5+ 37. Kd4 b6 38. h4 Nf4 39. Kc3 Bd1 40. b4 Ng6 41. h5 Bxh5 42. a4 Bd1 43. a5 bxa5 44. bxa5 0-1

[Event "LSS No Engine Cup 197 Preliminary 0"]
[Site "LSS email"]
[Date "2020.01.19"]
[Round "?"]
[White "Zmolil, Karel"]
[Black "Etchepareborda, Juan"]
[Result "1-0"]
[WhiteElo "1379"]
[BlackElo "1504"]
[PlyCount "117"]
[EventDate "2020.01.19"]
[EventType "tourn (corr)"]
[EventRounds "6"]
[EventCountry "GER"]
[SourceTitle "Corr 2022"]
[Source "ChessBase"]
[SourceDate "2021.10.24"]
[SourceVersion "1"]
[SourceVersionDate "2021.10.24"]
[SourceQuality "1"]

1. e4 e6 2. d4 d5 3. e5 b6 4. Bb5+ c6 5. Ba4 b5 6. Bb3 Ne7 7. Bd2 Nf5 8. Nf3 Ba6 9. 0-0 Be7 10. Re1 0-0 11. c3 Nd7 12. Bc2 Rb8 13. a3 c5 14. b4 cxd4 15. cxd4 Nb6 16. Bd3 Nc4 17. Bc3 Qc8 18. Qc2 h6 19. Nbd2 Bb7 20. Rec1 Bc6 21. Nb3 Qd8 22. Bxf5 exf5 23. Qxf5 Bd7 24. Qd3 Bg5 25. Re1 a6 26. Nc5 Rb6 27. Nxd7 Qxd7 28. Nxg5 hxg5 29. Qg3 Qf5 30. Ra2 Re8 31. h3 Rg6 32. Qf3 Qxf3 33. gxf3 Rh6 34. Kg2 f6 35. a4 bxa4 36. Rxa4 fxe5 37. dxe5 Ree6 38. Ra2 Kh7 39. Rae2 Kg8 40. Rd1 Nb6 41. Rd4 Rh4 42. Kg3 Na4 43. Ba1 Rxd4 44. Bxd4 Kf7 45. Ra2 Nb6 46. Rxa6 Nd7 47. Rxe6 Kxe6 48. f4 gxf4+ 49. Kxf4 Nb8 50. b5 Nd7 51. h4 g6 52. b6 Kf7 53. b7 Ke6 54. Ba7 d4 55. b8Q Nxb8 56. Bxb8 Kd5 57. Ba7 d3 58. Be3 Ke6 59. Ke4 1-0

[Event "IECC CL0-2020.00 email"]
[Site "IECC email"]
[Date "2020.01.05"]
[Round "?"]
[White "Etchepareborda, Juan"]
[Black "Pehl, Ferenc"]
[Result "1-0"]
[WhiteElo "1165"]
[BlackElo "966"]
[PlyCount "69"]
[EventDate "2019.12.11"]
[EventType "tourn (corr)"]
[EventRounds "4"]
[SourceTitle "Corr 2022"]
[Source "ChessBase"]
[SourceDate "2021.10.24"]
[SourceVersion "1"]
[SourceVersionDate "2021.10.24"]
[SourceQuality "1"]

1. c4 c5 2. Nc3 e5 3. g3 d6 4. Bg2 a6 5. Nd5 Nf6 6. e4 Nxd5 7. cxd5 Be7 8. Ne2 0-0 9. 0-0 h6 10. d3 b5 11. f4 Bf6 12. Rb1 Bg4 13. fxe5 Bxe5 14. Bf4 Qe7 15. Bxe5 Qxe5 16. Rf4 Bxe2 17. Qxe2 Nd7 18. Rbf1 f6 19. Rf5 Qe7 20. Rh5 Ne5 21. a3 Kh7 22. Qf2 Nxd3 23. Qf5+ g6 24. Qf3 gxh5 25. Qxd3 Qe5 26. Rf5 Qxb2 27. Rxh5 Kg7 28. Qe3 Rh8 29. Qf3 Qc1+ 30. Bf1 Raf8 31. Qg4+ Kh7 32. Qd7+ Kg6 33. Rf5 Qe3+ 34. Rf2 Rd8 35. Qf5+ 1-0

[Event "IECC CL0-2019.00 email"]
[Site "IECC email"]
[Date "2019.11.12"]
[Round "?"]
[White "Etchepareborda, Juan"]
[Black "Bieszk, Stanislaw"]
[Result "1-0"]
[WhiteElo "1169"]
[BlackElo "1309"]
[PlyCount "79"]
[EventDate "2019.09.12"]
[EventType "tourn (corr)"]
[EventRounds "4"]
[SourceTitle "Corr 2022"]
[Source "ChessBase"]
[SourceDate "2021.10.24"]
[SourceVersion "1"]
[SourceVersionDate "2021.10.24"]
[SourceQuality "1"]

1. Nf3 c5 2. c4 Nc6 3. Nc3 Nf6 4. g3 e6 5. Bg2 d5 6. cxd5 Nxd5 7. 0-0 a6 8. d4 cxd4 9. Nxd5 Qxd5 10. Nxd4 Qd7 11. Nxc6 bxc6 12. Qxd7+ Bxd7 13. b3 Be7 14. Rd1 Rd8 15. Bb2 0-0 16. Bc3 c5 17. Ba5 Bb5 18. Bxd8 Rxd8 19. Rxd8+ Bxd8 20. Rd1 Bc7 21. Bb7 Kf8 22. Kf1 Ke7 23. a4 Bd7 24. Bxa6 f5 25. Rc1 Kd6 26. Rd1+ Ke7 27. Bb5 Bxb5 28. axb5 g6 29. e3 g5 30. h4 h6 31. hxg5 hxg5 32. Ke2 f4 33. exf4 gxf4 34. g4 Bb6 35. Kf3 e5 36. Ke4 Ke6 37. Rd5 c4 38. bxc4 Bxf2 39. Rxe5+ Kf6 40. Rf5+ 1-0

[Event "LSS No Engine Cup 195 Preliminary 0"]
[Site "LSS email"]
[Date "2019.11.12"]
[Round "?"]
[White "Etchepareborda, Juan"]
[Black "Zmolil, Karel"]
[Result "1-0"]
[WhiteElo "1420"]
[BlackElo "1392"]
[PlyCount "55"]
[EventDate "2019.11.13"]
[EventType "tourn (corr)"]
[EventRounds "6"]
[EventCountry "GER"]
[SourceTitle "Corr 2022"]
[Source "ChessBase"]
[SourceDate "2021.10.24"]
[SourceVersion "1"]
[SourceVersionDate "2021.10.24"]
[SourceQuality "1"]

1. d4 d5 2. Bf4 Nf6 3. e3 Bf5 4. Nc3 e6 5. Nf3 h6 6. Bd3 Bxd3 7. Qxd3 a6 8. a3 Bd6 9. Bg3 Bxg3 10. fxg3 0-0 11. Ne5 Nbd7 12. Nxd7 Nxd7 13. 0-0 c5 14. e4 c4 15. Qd2 Qc7 16. exd5 exd5 17. Nxd5 Qd6 18. Ne3 b5 19. Nf5 Qb6 20. a4 Rad8 21. Qf4 Kh7 22. c3 Nf6 23. axb5 axb5 24. Nxh6 Rd6 25. Nf5 Re6 26. Qg5 Ne8 27. Rf4 Rh8 28. Ra8 1-0

[Event "IECC CL0-2019.00 email"]
[Site "IECC email"]
[Date "2019.11.12"]
[Round "?"]
[White "Lonyuk, Bohdan"]
[Black "Etchepareborda, Juan"]
[Result "0-1"]
[WhiteElo "1347"]
[BlackElo "1169"]
[PlyCount "56"]
[EventDate "2019.09.12"]
[EventType "tourn (corr)"]
[EventRounds "4"]
[SourceTitle "Corr 2022"]
[Source "ChessBase"]
[SourceDate "2021.10.24"]
[SourceVersion "1"]
[SourceVersionDate "2021.10.24"]
[SourceQuality "1"]

1. e4 e6 2. d4 d5 3. Nd2 b6 4. Ngf3 Bb7 5. Bb5+ c6 6. Bd3 Ba6 7. Bxa6 Nxa6 8. Ne5 Qc7 9. c3 Bd6 10. f4 Nb8 11. Qg4 g6 12. Ndf3 Nf6 13. Qh4 Nxe4 14. Ng5 Nxg5 15. Qxg5 0-0 16. h4 f6 17. Qh6 Rc8 18. Ng4 Nd7 19. f5 exf5 20. Nf2 Re8+ 21. Kf1 Re6 22. h5 g5 23. Bxg5 Bf8 24. Bf4 Qb7 25. Rh3 Bxh6 26. Bxh6 Kf7 27. Nd3 Rg8 28. Nf4 Re4 0-1